00479nam a22001817a 4500003000500000005001700005008004100022010001000063011001000073035001000083040000900093082001600102100001700118245009100135260004400226300001100270650001600281CHAP20220329135802.0971013s1991 uk r 00010 eng d a42106 a43078 a47214 cCHAP04a638.12bV4700aVerma, L. R.1 aBeekeepingb: in integrated mountain development, economic and scientific perspectives aEdinburgh :bAspect Publications,c1991 a367 p.14aApicultura.